More new homes built in London (Record no. 79793)

MARC details
000 -LEADER
fixed length control field 01207cad a22002295a 4500
001 - CONTROL NUMBER
control field L142367
008 - FIXED-LENGTH DATA ELEMENTS--GENERAL INFORMATION
fixed length control field 080211e20080207xxkd f s l000 0 eng d
035 ## - SYSTEM CONTROL NUMBER
System control number (Sirsi) u142367
041 0# - LANGUAGE CODE
Language code of text/sound track or separate title eng
110 2# - MAIN ENTRY--CORPORATE NAME
Corporate name or jurisdiction name as entry element London
Subordinate unit Greater London Authority
9 (RLIN) 3989
245 00 - TITLE STATEMENT
Title More new homes built in London
Medium [electronic resource]
260 ## - PUBLICATION, DISTRIBUTION, ETC.
Date of publication, distribution, etc. 2008
490 ## - SERIES STATEMENT
Series statement GLA Press Release
Volume/sequential designation (079) 7 February 2008
520 ## - SUMMARY, ETC.
Summary, etc. Reveals 33 007 gross new build homes (31 430 net new homes) were built in London in 2006-07, the highest annual figure since 1977, and exceeding the Mayor?s London Plan target of 30 500 net new homes per annum for the first time. The total number of affordable homes built in 2006-07 (including existing housing converted to affordable housing) reached 11 980, a 72% increase compared to the 6 957 affordable homes built in 1999-2000.
590 ## - LOCAL NOTE (RLIN)
Local note KA
650 24 - SUBJECT ADDED ENTRY--TOPICAL TERM
Topical term or geographic name entry element Affordable housing
9 (RLIN) 6215
651 #4 - SUBJECT ADDED ENTRY--GEOGRAPHIC NAME
Geographic name London
690 ## - LOCAL SUBJECT ADDED ENTRY--TOPICAL TERM (OCLC, RLIN)
Topical term or geographic name as entry element PROPERTY-RESIDENTIAL PROPERTY-RESIDENTIAL PROPERTY DEVELOPMENT
690 ## - LOCAL SUBJECT ADDED ENTRY--TOPICAL TERM (OCLC, RLIN)
Topical term or geographic name as entry element BUILT ENVIRONMENT-CONSTRUCTION MARKET
856 48 - ELECTRONIC LOCATION AND ACCESS
Uniform Resource Identifier <a href="https://www.london.gov.uk/view_press_release.jsp?releaseid=15572">https://www.london.gov.uk/view_press_release.jsp?releaseid=15572</a>
Public note View the item free of charge at www.london.gov.uk...
942 ## - ADDED ENTRY ELEMENTS (KOHA)
Suppress in OPAC 0
Holdings
Withdrawn status Lost status Source of classification or shelving scheme Damaged status Not for loan Home library Current library Shelving location Date acquired Total Checkouts Full call number Barcode Date last seen Copy number Price effective from Koha item type
    Dewey Decimal Classification     Virtual Virtual Online 11/02/2008   ONLINE PUBLICATION 142367-2001 06/08/2019 1 06/08/2019 Journal article